| 000 | 01556nam a2200397 a 4500 | ||
|---|---|---|---|
| 999 |
_c328848 _d328848 |
||
| 001 | 4957069 | ||
| 003 | Nust | ||
| 005 | 20170418104358.0 | ||
| 008 | 961101s1995 gw ab b 001 0 eng d | ||
| 010 | _a 96216072 | ||
| 020 | _a3823612492 | ||
| 035 | _a(OCoLC)35038132 | ||
| 040 |
_aCU-A _cCU-A _dDNAL _dDLC |
||
| 041 | 1 |
_aeng _hger |
|
| 042 | _alccopycat | ||
| 043 | _af------ | ||
| 050 | 0 | 4 |
_aRA641.T7 _bN34 1995 |
| 070 | 0 |
_aRA641.T7N3513 _b1995 |
|
| 082 | 0 | 0 |
_a363.7063 NEG _221 |
| 100 | 1 | _aNagel, Peter. | |
| 245 | 1 | 0 |
_aEnvironmental monitoring handbook for tsetse control operations / _cby Peter Nagel ; [translation, Walter Erdelen]. |
| 260 |
_aWeikersheim, Germany : _bMargraf Verlag, _cc1995. |
||
| 300 |
_axii, 323 p. : _bill., maps ; _c24 cm. |
||
| 500 | _aOn cover: CTA, RTTCP, the Scientific Environmental Monitoring Group (SEMG). | ||
| 501 | _aH.B | ||
| 504 | _aIncludes bibliographical references (p. 246-277) and indexes. | ||
| 650 | 0 |
_aTsetse-flies _xControl _xEnvironmental aspects _zAfrica. |
|
| 650 | 0 |
_aTrypanosomiasis _xControl _xEnvironmental aspects _zAfrica. |
|
| 650 | 0 |
_aInsecticides _xEnvironmental aspects _zAfrica. |
|
| 710 | 2 | _aTechnical Centre for Agricultural and Rural Cooperation (Ede, Netherlands). | |
| 710 | 2 | _aRegional Tsetse and Trypanosomiasis Control Programme. | |
| 710 | 2 | _aScientific Environmental Monitoring Group. | |
| 906 |
_a7 _bcbc _ccopycat _d3 _encip _f19 _gy-gencatlg |
||
| 942 |
_2ddc _cBK _k363.7063 NEG |
||